The third apple : Personal computers & the cultural revolution

Gespeichert in:
Bibliographische Detailangaben
1. Verfasser: Gassée, Jean - Louis
Format: Buch
Sprache:Undetermined
Veröffentlicht: New York Harcourt Brace Jovanovich 1987
Schlagworte:
Tags: Tag hinzufügen
Keine Tags, Fügen Sie den ersten Tag hinzu!
Thư viện lưu trữ: Trung tâm Học liệu Trường Đại học Cần Thơ
LEADER 00576nam a2200205Ia 4500
001 CTU_84044
008 210402s9999 xx 000 0 und d
082 |a 303.4834 
082 |b G251 
100 |a Gassée, Jean - Louis 
245 4 |a The third apple : 
245 0 |b Personal computers & the cultural revolution 
245 0 |c Jean - Louis Gassée 
260 |a New York 
260 |b Harcourt Brace Jovanovich 
260 |c 1987 
650 |a Computers 
650 |x Civilization 
904 |i Qhieu(sửa) 
980 |a Trung tâm Học liệu Trường Đại học Cần Thơ